000 00584cam a22002291 4500
001 sa 64004095
003 DLC
005 20260227112022.0
008 950221s1962 ii 000 1 tamo
010 _asa 64004095
025 _aPL480:I-T-238
035 _a(OCoLC)32029442
040 _aDLC
_cCU
_dCU
_dDLC
042 _apremarc
050 0 0 _aPL4758.9.M78
_bA9
100 1 _aMurthy, V. K.,
_d1926-
245 1 0 _aAṭimaiyin̲ tiyākam.
260 _c[1962]
300 _aviii, 261 p.
_c19 cm.
500 _aIn Tamil.
500 _aShort stories originally published in Kalki.
999 _c58314
_d58314